Guess the HORROR film from the letterboxd review - Statistics

General Stats
  • This quiz has been taken 98 times
  • The average score is 8 of 15
Answer Stats
Hint Answer % Correct
She's a 10 but she gets in the shower before turning the water on. Psycho
84%
Not a day in my childhood life was I not terrified of this orange haired little bitch. Child's Play
83%
if you are going into space i think that you should leave your cat at home, he does not need the stress Alien
79%
i woulda just walked out the front door when she came out the tv Ring
78%
No cellphone in sight literally just film students vibing in the woods. The Blair Witch Project
74%
and to think it all started with two boyfriends laying on a stinky bathroom floor Saw
72%
surprised he hasn't been caught yet considering he uses the loudest fucking weapon in human existence The Texas Chainsaw Massacre
70%
oh he means like eating an old friend not like having an old friend over and eating together i get it now Silence of the Lambs
61%
Would you rather be told your newborn baby is dead or that your new haircut looks ugly? Rosemary's Baby
53%
I wonder how people made do before Dario Argento invented the colour red Suspiria
46%
matilda took a dark turn Carrie
45%
their first mistake was talking to someone named captain howdy on a ouija board. The Exorcist
36%
rocky saying his life is misery after being alive for two seconds is a mood The Rocky Horror Picture Show
36%
the baby looks like an airpod Eraserhead
26%
can i offer you a nice egg in this trying time? Funny Games
3%
No matching quizzes found
Score Distribution
Percent of People with Each Score
Percentile by Number Answered
Your Score History
You have not taken this quiz